Dictionary of mission theology : (Record no. 1712)

MARC details
000 -LEADER
fixed length control field 01456cam a2200373 a 4500
001 - CONTROL NUMBER
control field 15131562
003 - CONTROL NUMBER IDENTIFIER
control field GBCCL
005 - DATE AND TIME OF LATEST TRANSACTION
control field 20241126110407.0
008 - FIXED-LENGTH DATA ELEMENTS--GENERAL INFORMATION
fixed length control field 080108s2007 enk bd 001 0deng d
010 ## -
-- 2008296012
020 ## - INTERNATIONAL STANDARD BOOK NUMBER
International Standard Book Number 9781844742134 (U.K.)
020 ## - INTERNATIONAL STANDARD BOOK NUMBER
International Standard Book Number 184474213X (U.K.)
020 ## - INTERNATIONAL STANDARD BOOK NUMBER
International Standard Book Number 9780830824533 (U.S.)
020 ## - INTERNATIONAL STANDARD BOOK NUMBER
International Standard Book Number 0830824537 (U.S.)
035 ## - SYSTEM CONTROL NUMBER
System control number (OCoLC)ocn166387248
040 ## - CATALOGING SOURCE
Original cataloging agency BTCTA
Transcribing agency BTCTA
Modifying agency YDXCP
-- BAKER
-- CFT
-- BWK
-- TEF
-- DLC
042 ## -
-- lccopycat
050 00 -
-- BV2040
-- .D54 2007
082 00 - DEWEY DECIMAL CLASSIFICATION NUMBER
Classification number 266.003
Edition information 22
Item number DIC
245 00 - TITLE STATEMENT
Title Dictionary of mission theology :
Remainder of title evangelical foundations /
Statement of responsibility, etc. editor, John Corrie ; consulting editors, J. Samuel Escobar, Wilbert R. Shenk ; regional advisors, Rosemary M. Dowsett ... [et al.] ; organizing editor, Steve Carter.
246 30 -
-- Mission theology
260 ## - PUBLICATION, DISTRIBUTION, ETC.
Place of publication, distribution, etc. Nottingham, England ;
-- Downers Grove, Ill. :
Name of publisher, distributor, etc. InterVarsity Press,
Date of publication, distribution, etc. 2007.
300 ## - PHYSICAL DESCRIPTION
Extent 461 p. ;
Dimensions 24 cm.
504 ## - BIBLIOGRAPHY, ETC. NOTE
Bibliography, etc. note Includes bibliographical references and indexes.
650 #0 - SUBJECT ADDED ENTRY--TOPICAL TERM
Topical term or geographic name entry element Missions
Form subdivision Dictionaries.
9 (RLIN) 3514
650 #0 - SUBJECT ADDED ENTRY--TOPICAL TERM
Topical term or geographic name entry element Missions
General subdivision Theory
Form subdivision Dictionaries.
9 (RLIN) 3515
650 #0 - SUBJECT ADDED ENTRY--TOPICAL TERM
Topical term or geographic name entry element Theology
Form subdivision Dictionaries.
9 (RLIN) 1723
700 1# - ADDED ENTRY--PERSONAL NAME
Personal name Corrie, John,
Titles and other words associated with a name Ph. D.
9 (RLIN) 3516
700 1# - ADDED ENTRY--PERSONAL NAME
Personal name Escobar, Samuel,
Dates associated with a name 1934-
9 (RLIN) 3517
700 1# - ADDED ENTRY--PERSONAL NAME
Personal name Shenk, Wilbert R.
9 (RLIN) 1305
906 ## - LOCAL DATA ELEMENT F, LDF (RLIN)
a 7
b cbc
c copycat
d 2
e ncip
f 20
g y-gencatlg
942 ## - ADDED ENTRY ELEMENTS (KOHA)
Source of classification or shelving scheme Dewey Decimal Classification
Koha item type Reference Books
Holdings
Withdrawn status Lost status Source of classification or shelving scheme Damaged status Not for loan Home library Current Library Shelving location Date acquired Total checkouts Full call number Barcode Date last seen Copy number Price effective from Koha item type
    Dewey Decimal Classification     GRACE BIBLE COLLEGE GRACE BIBLE COLLEGE Dictionary 2017-05-18   266.003 DIC 010329 2025-05-01 c.2 2017-05-18 Reference Books
    Dewey Decimal Classification     GRACE BIBLE COLLEGE GRACE BIBLE COLLEGE Dictionary 2017-05-18   266.003 DIC 010288 2025-05-01 c.1 2017-05-18 Reference Books
© Grace Bible College Library 2025